| 000 | 01351nam a22002657a 4500 | ||
|---|---|---|---|
| 005 | 20170124103027.0 | ||
| 010 | _aB-183046 | ||
| 020 | _c250.00 | ||
| 035 | _aB-183046 | ||
| 037 | _bCen Lib/Ret | ||
| 040 |
_aDPL _bHN |
||
| 082 |
_a823.08 _bइंदिरा |
||
| 100 |
_aइंदिराबाई , पी के _962454 |
||
| 245 |
_aश्री वृदावनलाल वर्मा के उपन्यासों में नायिका परिकल्पना / _c पी के इंदिराबाई |
||
| 246 |
_aShree vrindavanlal verma ke upanyason me nayika parikalpna _bby P.K.Indirabai |
||
| 260 |
_aइलाहाबाद _bजय भारती प्रकाशन _c2005 |
||
| 270 |
_a267-बी ,मुठ्ठी गंज मायाप्रेस _bइलाहाबाद _e211003 |
||
| 300 |
_a248पृष्ठ. _c21सेमी(सजिल्द) |
||
| 500 | _aसहायक ग्रन्थ सूची शामिल | ||
| 650 |
_aहिंदी साहित्य _962455 |
||
| 650 |
_aहिंदी उपन्यासों में नायिका चरित्र _962456 |
||
| 650 |
_ahindi literature _962457 |
||
| 650 |
_aHindi heroine character in novels _962458 |
||
| 942 |
_2ddc _cHN _h823.08 _mइंदिरा |
||
| 999 |
_c115639 _d115639 |
||